Pierres - Statistiques

Statistiques générales
  • Ce quiz a été pris 251 fois
  • Le résultat moyen est 12 sur 16
Answers on the Grid
Answers color-coded by a green-red scale on the quiz's grid according to % correct below.
Emeraude
Badiane
Jade
Opale
Lapis-lazuli
Coque
Rubis
Fuschia
Turquoise
Saphir
Prunelle
Pinte
Améthyste
Croisillon
Crète
Prisme
Aigue-Marine
Lierre
Topaze
Aquilain
Jaspe
Cyanure
Cornaline
Grenat
Œil de tigre
Alexandrite
Quartz
 
Statistiques - réponses
Réponse % Correct
Emeraude
99%
Rubis
96%
Saphir
93%
Jade
91%
Améthyste
88%
Opale
87%
Lapis-lazuli
83%
Quartz
80%
Topaze
75%
Œil de tigre
61%
Turquoise
61%
Grenat
60%
Aigue-Marine
59%
Jaspe
58%
Alexandrite
53%
Cornaline
46%
Aucun quiz correspondant
Distribution des résultats
% des personnes avec chaque résultat
Percentile par nombre de réponses
Votre historique - résultats
Vous n’avez pas pris ce quiz